Library of Congress subject headings / (Record no. 9998)

MARC details
000 -LEADER
fixed length control field 01380nac a22003491u 4500
010 ## - LIBRARY OF CONGRESS CONTROL NUMBER
LC control number 2004063837
020 ## - INTERNATIONAL STANDARD BOOK NUMBER
International Standard Book Number 10489711
020 ## - INTERNATIONAL STANDARD BOOK NUMBER
International Standard Book Number 10489711
082 00 - DEWEY DECIMAL CLASSIFICATION NUMBER
Classification number 025.49
Item number LIB
090 ## - LOCALLY ASSIGNED LC-TYPE CALL NUMBER (OCLC); LOCAL CALL NUMBER (OCLC)
-- 9998
-- 9998
100 ## - MAIN ENTRY--PERSONAL NAME
Personal name Chan, Lois Mai.
245 10 - TITLE STATEMENT
Title Library of Congress subject headings /
Statement of responsibility, etc Prepared By The Cataloging Policy and Support Office, Library Service.
250 ## - EDITION STATEMENT
Edition statement 28th ed.
260 ## - PUBLICATION, DISTRIBUTION, ETC. (IMPRINT)
Place of publication, distribution, etc Washington. :
Name of publisher, distributor, etc Library Of Congress,c.2005
Date of publication, distribution, etc c.2005
300 ## - PHYSICAL DESCRIPTION
Extent V. I, II , III ,IV, V;
Dimensions 31 cm.
500 ## - GENERAL NOTE
General note Donations.
500 ## - GENERAL NOTE
General note Donations - AUC .
504 ## - BIBLIOGRAPHY, ETC. NOTE
Bibliography, etc Includes bibliographical references and index.
511 ## - PARTICIPANT OR PERFORMER NOTE
Participant or performer note Catalogued By: Mahitab.
650 #0 - SUBJECT ADDED ENTRY--TOPICAL TERM
Topical term or geographic name as entry element Subject headings, Library of Congress.
942 ## - ADDED ENTRY ELEMENTS (KOHA)
Item type NB - Book (Non borrowing)
Call number prefix 025.49LIB
Holdings
Withdrawn status Item status Source of classification or shelving scheme Damaged status Not for loan Home library Current library Shelving location Date acquired Source of acquisition Total Checkouts Full call number Barcode Date last seen Koha item type
    Dewey Decimal Classification     Central Library Central Library Lower Floor 22/07/2008 Purchase   025.49LIB 000013716 24/08/2022 NB - Book (Non borrowing)
          Central Library Central Library Lower Floor 22/07/2008 Purchase   025.49LIB 000013715 24/08/2022 NB - Book (Non borrowing)
          Central Library Central Library Lower Floor 22/07/2008 Purchase   025.49LIB 000013714 24/08/2022 NB - Book (Non borrowing)
          Central Library Central Library Lower Floor 22/07/2008 Purchase   025.49LIB 000013712 24/08/2022 NB - Book (Non borrowing)
          Central Library Central Library Lower Floor 22/07/2008 Purchase   025.49LIB 000013713 24/08/2022 NB - Book (Non borrowing)
          Central Library Central Library Lower Floor 22/07/2008 Purchase   025.49LIB 000013705 24/08/2022 NB - Book (Non borrowing)
          Central Library Central Library Lower Floor 22/07/2008 Purchase   025.49LIB 000013706 24/08/2022 NB - Book (Non borrowing)
          Central Library Central Library Lower Floor 22/07/2008 Purchase   025.49LIB 000013707 24/08/2022 NB - Book (Non borrowing)
          Central Library Central Library Lower Floor 22/07/2008 Purchase   025.49LIB 000013708 24/08/2022 NB - Book (Non borrowing)
          Central Library Central Library Lower Floor 22/07/2008 Purchase   025.49LIB 000013709 24/08/2022 NB - Book (Non borrowing)
          Central Library Central Library Lower Floor 22/07/2008 Purchase   025.49LIB 000013710 24/08/2022 NB - Book (Non borrowing)